[Event "Sochi ChessAmateur op"]
[Site "Sochi"]
[Date "2018.04.07"]
[Round "9"]
[White "Abakarov, Alexander"]
[Black "Velikanov, Igor"]
[Result "1-0"]
[WhiteElo "2159"]
[BlackElo "2231"]
[PlyCount "61"]
[EventDate "2018.04.01"]
[EventType "swiss"]
[EventRounds "9"]
[EventCountry "RUS"]
[SourceTitle "CBM 184 Extra"]
[Source "ChessBase"]
[SourceDate "2018.06.28"]
[SourceVersion "1"]
[SourceVersionDate "2018.06.28"]
[SourceQuality "1"]

1. d4 d5 2. Nf3 Nf6 3. g3 g6 4. Bg2 Bg7 5. 0-0 0-0 6. b3 c5 7. Bb2 cxd4 8. Nxd4 Nc6 9. c4 Nxd4 10. Bxd4 dxc4 11. bxc4 Qc7 12. Qb3 Rd8 13. e3 e5 14. Bc3 Nd7 15. Na3 a6 16. Nc2 Nc5 17. Qa3 e4 18. Bd4 Bf8 19. Qc3 f5 20. f3 exf3 21. Bxf3 Be6 22. Rab1 Na4 23. Qd2 Rab8 24. Rfc1 a5 25. Ne1 Bg7 26. Bd5 Bxd5 27. cxd5 Qd7 28. Bxg7 Kxg7 29. Qd4+ Kg8 30. d6 Rdc8 31. Rc7 1-0

[Event "Kolomna rapid op"]
[Site "Kolomna"]
[Date "2018.02.17"]
[Round "8"]
[White "Smirnov, Timofey"]
[Black "Velikanov, Igor"]
[Result "1-0"]
[WhiteElo "2324"]
[BlackElo "2231"]
[PlyCount "135"]
[EventDate "2018.02.16"]
[EventType "swiss (rapid)"]
[EventRounds "11"]
[EventCountry "RUS"]
[SourceTitle "CBM 183 Extra"]
[Source "ChessBase"]
[SourceDate "2018.04.19"]
[SourceVersion "1"]
[SourceVersionDate "2018.04.19"]
[SourceQuality "1"]

1. e4 c5 2. Nf3 e6 3. d4 cxd4 4. Nxd4 Nf6 5. Nc3 Nc6 6. Ndb5 d6 7. Bf4 e5 8. Bg5 a6 9. Na3 Be6 10. Nc4 Rb8 11. Ne3 Be7 12. Bxf6 Bxf6 13. Ncd5 Bg5 14. g3 0-0 15. h4 Bxe3 16. Nxe3 Qb6 17. b3 Qb4+ 18. Qd2 Qxe4 19. Bg2 Qd4 20. Rd1 Qxd2+ 21. Rxd2 Rbd8 22. 0-0 Rd7 23. Rfd1 Rfd8 24. Nd5 Bxd5 25. Rxd5 Kf8 26. Bh3 Rc7 27. Rxd6 Rxd6 28. Rxd6 Ke7 29. Rd5 f6 30. c3 Nd8 31. c4 Ne6 32. Kf1 Rc6 33. Bg2 Rc7 34. Ke1 b6 35. Bh3 h6 36. Kd2 g5 37. hxg5 hxg5 38. Ke3 Nd4 39. f4 gxf4+ 40. gxf4 Nc2+ 41. Ke4 Nb4 42. Rd2 exf4 43. Kxf4 Nc6 44. Kf5 Ne5 45. Bg2 b5 46. cxb5 axb5 47. Bf1 b4 48. Rh2 Rc1 49. Ba6 Rc6 50. Rh7+ Kd6 51. Rh6 Nd7 52. Bc4 Rc5+ 53. Ke4 Ra5 54. Rh2 Re5+ 55. Kd4 Rg5 56. Be2 Ne5 57. Rf2 f5 58. Rh2 Rg6 59. Bd1 f4 60. Rf2 f3 61. Ke4 Rg1 62. Rd2+ Ke6 63. Bxf3 Nxf3 64. Kxf3 Re1 65. Re2+ Rxe2 66. Kxe2 Ke5 67. Ke3 Kd5 68. Kd3 1-0

[Event "Kolomna-ch 67th"]
[Site "Kolomna"]
[Date "2017.01.15"]
[Round "10"]
[White "Beskov, Vladimir Alekseevic"]
[Black "Velikanov, Igor"]
[Result "1-0"]
[WhiteElo "1903"]
[BlackElo "2276"]
[PlyCount "67"]
[EventDate "2016.12.24"]
[EventType "swiss"]
[EventRounds "10"]
[EventCountry "RUS"]
[SourceTitle "EXT 2019"]
[Source "ChessBase"]
[SourceDate "2018.10.10"]
[SourceVersion "1"]
[SourceVersionDate "2018.10.10"]
[SourceQuality "1"]

1. d4 d5 2. Nf3 Nf6 3. c4 e6 4. Nc3 c6 5. Bg5 h6 6. Bh4 dxc4 7. a4 Bb4 8. e3 b5 9. Be2 Bb7 10. 0-0 Bxc3 11. bxc3 Nbd7 12. Qb1 Qb6 13. a5 Qd8 14. Bxc4 0-0 15. Be2 Qc8 16. Rc1 Ba6 17. Nd2 Nd5 18. Bg3 f5 19. Bd6 Rd8 20. c4 N7f6 21. Be5 bxc4 22. Bxc4 Bxc4 23. Rxc4 Qa6 24. Qc2 Rac8 25. Nb3 Ne4 26. Rc1 Ne7 27. f3 Nd6 28. Rc3 Kf7 29. Qa2 Nd5 30. Nc5 Qb5 31. e4 Nxc3 32. Qxe6+ Kf8 33. Bxd6+ Rxd6 34. Qxd6+ 1-0

[Event "Kolomna-ch 67th"]
[Site "Kolomna"]
[Date "2017.01.08"]
[Round "8"]
[White "Velikanov, Igor"]
[Black "Kalinin, Aleksandr Vladimiro"]
[Result "1/2-1/2"]
[WhiteElo "2276"]
[BlackElo "2082"]
[PlyCount "64"]
[EventDate "2016.12.24"]
[EventType "swiss"]
[EventRounds "10"]
[EventCountry "RUS"]
[SourceTitle "EXT 2019"]
[Source "ChessBase"]
[SourceDate "2018.10.10"]
[SourceVersion "1"]
[SourceVersionDate "2018.10.10"]
[SourceQuality "1"]

1. d4 Nf6 2. c4 c5 3. d5 e6 4. Nc3 exd5 5. cxd5 d6 6. Nf3 g6 7. h3 Bg7 8. e4 0-0 9. Bd3 a6 10. a4 Nbd7 11. Bf4 Qe7 12. 0-0 Nh5 13. Bh2 Ne5 14. Be2 Nxf3+ 15. Bxf3 Nf6 16. e5 Ne8 17. exd6 Nxd6 18. Re1 Qd8 19. Be5 Bxe5 20. Rxe5 Qf6 21. Re1 Bd7 22. Bg4 Bxg4 23. Qxg4 b5 24. Ne4 Nxe4 25. Qxe4 Rad8 26. b3 Qd4 27. axb5 axb5 28. Ra5 Rxd5 29. Rxb5 Rfd8 30. Qe3 c4 31. Rxd5 Qxd5 32. bxc4 Qxc4 1/2-1/2

[Event "Kolomna-ch 67th"]
[Site "Kolomna"]
[Date "2017.01.07"]
[Round "7"]
[White "Novikov, Aleksey"]
[Black "Velikanov, Igor"]
[Result "0-1"]
[WhiteElo "1777"]
[BlackElo "2276"]
[PlyCount "74"]
[EventDate "2016.12.24"]
[EventType "swiss"]
[EventRounds "10"]
[EventCountry "RUS"]
[SourceTitle "EXT 2019"]
[Source "ChessBase"]
[SourceDate "2018.10.10"]
[SourceVersion "1"]
[SourceVersionDate "2018.10.10"]
[SourceQuality "1"]

1. e4 e5 2. Nf3 Nc6 3. Bc4 Nf6 4. d3 Be7 5. c3 0-0 6. h3 d5 7. exd5 Nxd5 8. 0-0 Bf5 9. Re1 Bf6 10. g4 Bg6 11. g5 Be7 12. Nxe5 Nxe5 13. Rxe5 Nb6 14. Bb3 Bd6 15. Re1 Bxd3 16. Be3 Qd7 17. Qf3 Bf5 18. h4 Be6 19. Nd2 Bxb3 20. axb3 f6 21. Qxb7 fxg5 22. hxg5 Bf4 23. Rad1 Bxe3 24. fxe3 Nd5 25. Ne4 Qg4+ 26. Kh2 Nxe3 27. Rxe3 Qxd1 28. Qc6 Qh5+ 29. Kg2 Qf7 30. Qc4 Qxc4 31. bxc4 Rae8 32. b4 Kf7 33. Kg3 Kg6 34. Kg4 Rf5 35. c5 Rfe5 36. Kf4 Rf5+ 37. Kg4 Rxg5+ 0-1

[Event "Moscow Kolomenskaya op"]
[Site "Moscow"]
[Date "2015.10.22"]
[Round "9"]
[White "Golubev, Roman"]
[Black "Velikanov, Igor"]
[Result "1/2-1/2"]
[WhiteElo "2373"]
[BlackElo "2270"]
[PlyCount "128"]
[EventDate "2015.10.16"]
[EventType "swiss"]
[EventRounds "9"]
[EventCountry "RUS"]
[SourceTitle "CBM 169 Extra"]
[Source "ChessBase"]
[SourceDate "2015.12.18"]
[SourceVersion "1"]
[SourceVersionDate "2015.12.18"]
[SourceQuality "1"]

1. e4 e5 2. Bc4 Nc6 3. Nf3 Bc5 4. c3 Nf6 5. d3 0-0 6. Bb3 h6 7. 0-0 d5 8. Nbd2 dxe4 9. dxe4 a6 10. Qe2 Qe7 11. Bc2 b5 12. a4 b4 13. a5 Rd8 14. Nc4 Bg4 15. h3 Bh5 16. Ne3 Qe6 17. Nf5 bxc3 18. bxc3 Na7 19. g4 Bg6 20. N3h4 Nb5 21. Bd2 Rd7 22. Nf3 Rad8 23. Rfd1 Bxf5 24. exf5 Qe7 25. Ba4 c6 26. c4 Nd4 27. Nxd4 Bxd4 28. Rab1 Qa3 29. Bxc6 Qxh3 30. Qf3 Qxf3 31. Bxf3 Bxf2+ 32. Kxf2 Rxd2+ 33. Rxd2 Rxd2+ 34. Ke3 Ra2 35. Rb8+ Kh7 36. c5 Rxa5 37. c6 Rc5 38. Rc8 a5 39. Bd1 g6 40. Ra8 Nd5+ 41. Kd2 gxf5 42. gxf5 Kg7 43. Ra7 Rxc6 44. Rxa5 Rd6 45. Bb3 Nf4+ 46. Ke1 Kf6 47. Ra7 Kxf5 48. Rxf7+ Ke4 49. Re7 Kd4 50. Bc2 h5 51. Kf2 Rb6 52. Kg3 Rb2 53. Bf5 Nd5 54. Rh7 Nf6 55. Rf7 Rb6 56. Ra7 e4 57. Ra4+ Ke5 58. Ra5+ Nd5 59. Bc8 e3 60. Ba6 Ke4 61. Be2 Rg6+ 62. Kh4 Rg2 63. Bxh5 Rh2+ 64. Kg5 Rg2+ 1/2-1/2

[Event "Moscow Kolomenskaya op"]
[Site "Moscow"]
[Date "2015.10.17"]
[Round "2"]
[White "Velikanov, Igor"]
[Black "Milanovic, Slavisa"]
[Result "1/2-1/2"]
[WhiteElo "2270"]
[BlackElo "2375"]
[PlyCount "62"]
[EventDate "2015.10.16"]
[EventType "swiss"]
[EventRounds "9"]
[EventCountry "RUS"]
[SourceTitle "CBM 169 Extra"]
[Source "ChessBase"]
[SourceDate "2015.12.18"]
[SourceVersion "1"]
[SourceVersionDate "2015.12.18"]
[SourceQuality "1"]

1. d4 e6 2. c4 Nf6 3. Nf3 Bb4+ 4. Bd2 Qe7 5. g3 Nc6 6. Nc3 Bxc3 7. Bxc3 Ne4 8. Rc1 0-0 9. Bg2 d6 10. d5 Nxc3 11. Rxc3 Nb8 12. dxe6 fxe6 13. Nd4 c6 14. 0-0 Nd7 15. e4 Nf6 16. Nc2 e5 17. Ne3 Be6 18. Rd3 Rad8 19. b3 a6 20. Qe2 b5 21. Rfd1 Rd7 22. Qd2 Rfd8 23. Qa5 bxc4 24. bxc4 c5 25. h3 Rb8 26. Qxa6 Ne8 27. Nf5 Bxf5 28. exf5 Ra7 29. Qc6 Rxa2 30. Bd5+ Kf8 31. R3d2 Ra3 1/2-1/2

[Event "Moscow Kolomenskaya op"]
[Site "Moscow"]
[Date "2014.10.09"]
[Round "8"]
[White "Bykov, Oleg1111"]
[Black "Velikanov, Igor"]
[Result "0-1"]
[WhiteElo "2175"]
[BlackElo "2286"]
[PlyCount "58"]
[EventDate "2014.10.05"]
[EventType "swiss"]
[EventRounds "9"]
[EventCountry "RUS"]
[SourceTitle "CBM 162 Extra"]
[Source "ChessBase"]
[SourceDate "2014.10.17"]
[SourceVersion "1"]
[SourceVersionDate "2014.10.17"]
[SourceQuality "1"]

1. d4 d5 2. c4 c6 3. Nf3 Nf6 4. Nc3 e6 5. Bg5 Nbd7 6. e3 Qa5 7. Bh4 Bb4 8. Qb3 Ne4 9. Rc1 Nb6 10. Bd3 dxc4 11. Bxc4 Nxc4 12. Qxc4 Nxc3 13. bxc3 Ba3 14. Rb1 0-0 15. 0-0 b6 16. Qxc6 Ba6 17. Rfe1 Bd3 18. Rbd1 Rfc8 19. Qb7 Rab8 20. Qxb8 Rxb8 21. Rxd3 f6 22. c4 Rc8 23. d5 e5 24. e4 Bd6 25. Rc1 Qxa2 26. Rdc3 Qe2 27. Re3 Qb2 28. Rce1 Qb4 29. Ra1 Rxc4 0-1

[Event "Moscow Kolomenskaya op"]
[Site "Moscow"]
[Date "2014.10.07"]
[Round "4"]
[White "Velikanov, Igor"]
[Black "Borsuk, Yuriy"]
[Result "0-1"]
[WhiteElo "2286"]
[BlackElo "2300"]
[PlyCount "138"]
[EventDate "2014.10.05"]
[EventType "swiss"]
[EventRounds "9"]
[EventCountry "RUS"]
[SourceTitle "CBM 162 Extra"]
[Source "ChessBase"]
[SourceDate "2014.10.17"]
[SourceVersion "1"]
[SourceVersionDate "2014.10.17"]
[SourceQuality "1"]

1. d4 d5 2. c4 e6 3. Nc3 Nf6 4. cxd5 exd5 5. Bg5 Be7 6. e3 0-0 7. Bd3 Nbd7 8. Nf3 c6 9. Qc2 Re8 10. 0-0 h6 11. Bf4 Bf8 12. h3 b6 13. e4 dxe4 14. Nxe4 Nd5 15. Nd6 Bxd6 16. Bxd6 N7f6 17. Qxc6 Bxh3 18. Bg3 Bg4 19. Ne5 Nb4 20. Qc3 Nxd3 21. Qxd3 Qd5 22. Nxg4 Nxg4 23. b3 Rad8 24. Rad1 Nf6 25. Qc4 Rc8 26. Qd3 Rcd8 27. Qc4 Nh5 28. Bh2 Re4 29. Qxd5 Rxd5 30. Bb8 a6 31. Rfe1 Rdxd4 32. Kf1 Rxe1+ 33. Rxe1 Nf6 34. Be5 Rd2 35. Bxf6 gxf6 36. Re8+ Kg7 37. Rb8 b5 38. a4 bxa4 39. bxa4 Rd4 40. Ra8 Rxa4 41. Ke2 Ra3 42. Ra7 f5 43. g3 a5 44. Ra6 a4 45. Ra7 Kg6 46. Kf1 f4 47. gxf4 Ra1+ 48. Kg2 a3 49. Ra5 a2 50. Kh2 h5 51. Kg2 h4 52. Kh2 h3 53. Rg5+ Kf6 54. Ra5 Ke6 55. Re5+ Kd6 56. Ra5 f5 57. Ra8 Kd5 58. Ra4 Kc5 59. Ra8 Kd4 60. Ra4+ Kd3 61. Ra3+ Ke2 62. Ra8 Kxf2 63. Ra3 Ke2 64. Ra8 Ke3 65. Ra4 Kf3 66. Ra3+ Kxf4 67. Ra4+ Ke5 68. Ra5+ Kd6 69. Ra6+ Kc7 0-1

[Event "Moscow Kolomenskaya op"]
[Site "Moscow"]
[Date "2014.10.06"]
[Round "3"]
[White "Velikanov, Igor"]
[Black "Tarasova, Viktoriya"]
[Result "1/2-1/2"]
[WhiteElo "2286"]
[BlackElo "2254"]
[PlyCount "91"]
[EventDate "2014.10.05"]
[EventType "swiss"]
[EventRounds "9"]
[EventCountry "RUS"]
[SourceTitle "CBM 162 Extra"]
[Source "ChessBase"]
[SourceDate "2014.10.17"]
[SourceVersion "1"]
[SourceVersionDate "2014.10.17"]
[SourceQuality "1"]

1. d4 Nf6 2. c4 e6 3. Nc3 Bb4 4. e3 0-0 5. Bd3 d5 6. Nf3 b6 7. 0-0 Bb7 8. cxd5 exd5 9. Bd2 Nbd7 10. Rc1 a6 11. Ne2 Bd6 12. Ng3 g6 13. Qe2 Ne4 14. Rfd1 f5 15. Qe1 Qe7 16. a3 Nxd2 17. Rxd2 c5 18. dxc5 bxc5 19. Qd1 Nf6 20. b4 cxb4 21. axb4 Bxb4 22. Rdc2 Rac8 23. Nd4 Rxc2 24. Rxc2 Rc8 25. Rxc8+ Bxc8 26. Qa1 Qd6 27. Nge2 Kf7 28. g3 a5 29. Nc3 Bd7 30. Ncb5 Qc5 31. Qa2 Qc1+ 32. Kg2 Qc5 33. Nb3 Qb6 34. N3d4 Kg7 35. Qa1 h6 36. h4 h5 37. Kg1 Bc5 38. Kg2 Kf7 39. Qa2 Bb4 40. Kg1 Bc8 41. Kg2 Ba6 42. Bf1 Bc5 43. Kg1 Bxd4 44. Nxd4 Bxf1 45. Kxf1 Qc5 46. Kg2 1/2-1/2

[Event "Kolomna op"]
[Site "Kolomna"]
[Date "2013.10.02"]
[Round "6"]
[White "Velikanov, Igor"]
[Black "Aroven, Mikael"]
[Result "1-0"]
[WhiteElo "2295"]
[BlackElo "2101"]
[PlyCount "61"]
[EventDate "2013.09.29"]
[EventType "swiss"]
[EventRounds "9"]
[EventCountry "RUS"]
[SourceTitle "CBM 156 Extra"]
[Source "ChessBase"]
[SourceDate "2013.10.22"]
[SourceVersion "1"]
[SourceVersionDate "2013.10.22"]
[SourceQuality "1"]

1. d4 Nf6 2. Nf3 g6 3. c4 Bg7 4. Nc3 d6 5. e4 c5 6. d5 Bg4 7. Be2 0-0 8. 0-0 Nbd7 9. Ne1 Bxe2 10. Qxe2 Re8 11. Nf3 h6 12. h3 g5 13. e5 Nxe5 14. Nxe5 dxe5 15. Qxe5 Qd6 16. Re1 a6 17. Qf5 e6 18. dxe6 Rxe6 19. Rxe6 fxe6 20. Qf3 Rf8 21. Be3 Nd5 22. Qd1 Rd8 23. Ne4 Qc7 24. cxd5 Rxd5 25. Qc2 c4 26. Nc3 Rf5 27. Rd1 b5 28. Qe4 Qf7 29. Rd8+ Bf8 30. g4 Rf6 31. Bc5 1-0

[Event "Kolomna op"]
[Site "Kolomna"]
[Date "2013.10.01"]
[Round "5"]
[White "Nozdrachev, Leonid"]
[Black "Velikanov, Igor"]
[Result "1-0"]
[WhiteElo "2433"]
[BlackElo "2295"]
[PlyCount "151"]
[EventDate "2013.09.29"]
[EventType "swiss"]
[EventRounds "9"]
[EventCountry "RUS"]
[SourceTitle "CBM 156 Extra"]
[Source "ChessBase"]
[SourceDate "2013.10.22"]
[SourceVersion "1"]
[SourceVersionDate "2013.10.22"]
[SourceQuality "1"]

1. e4 c5 2. Nf3 d6 3. d4 cxd4 4. Nxd4 Nf6 5. Nc3 Nc6 6. Bg5 e6 7. Qd2 Be7 8. 0-0-0 0-0 9. f4 h6 10. Bxf6 Bxf6 11. Nxc6 bxc6 12. Qxd6 Qb6 13. e5 Rd8 14. Qa3 Qe3+ 15. Kb1 Rxd1+ 16. Nxd1 Qxa3 17. bxa3 Rb8+ 18. Kc1 Be7 19. Bc4 Bxa3+ 20. Kd2 Bc5 21. c3 Rb6 22. Re1 Kf8 23. Kc2 Ba3 24. g4 g6 25. Re3 Ba6 26. Re4 Bb5 27. Bxb5 cxb5 28. Re3 Rc6 29. Rf3 Bc5 30. Nb2 Bb6 31. Rh3 g5 32. Rf3 gxf4 33. Rxf4 Ba5 34. Rf3 Bc7 35. Re3 Bb6 36. Re4 Ba5 37. c4 Bc7 38. Kb3 bxc4+ 39. Nxc4 Ke7 40. Kb4 a6 41. Rf4 Bb8 42. Rf6 Bxe5 43. Rxf7+ Ke8 44. Nxe5 Rb6+ 45. Kc5 Rb5+ 46. Kd6 Rxe5 47. Rf6 Rg5 48. h3 h5 49. Rxe6+ Kf7 50. Re7+ Kf6 51. Re6+ Kf7 52. Re4 hxg4 53. hxg4 Ra5 54. a4 Rg5 55. Rf4+ Ke8 56. Ke6 Rg6+ 57. Kf5 Kf7 58. Rb4 Rc6 59. Rb7+ Kf8 60. Ra7 Kg8 61. g5 Rc5+ 62. Kg6 Rc6+ 63. Kh5 Rb6 64. a5 Rc6 65. g6 Rc1 66. Rxa6 Kg7 67. Ra7+ Kg8 68. Rd7 Rh1+ 69. Kg5 Rg1+ 70. Kf6 Rf1+ 71. Ke7 Kg7 72. Rd6 Ra1 73. a6 Ra2 74. Kd7 Kf8 75. Rf6+ Kg7 76. Rb6 1-0

[Event "Cherepovets North Cup"]
[Site "Cherepovets"]
[Date "2012.02.25"]
[Round "6"]
[White "Moiseenko, Vadim"]
[Black "Velikanov, Igor"]
[Result "1-0"]
[WhiteElo "2441"]
[BlackElo "2315"]
[PlyCount "93"]
[EventDate "2012.02.22"]
[EventType "tourn"]
[EventRounds "9"]
[EventCountry "RUS"]
[EventCategory "2"]
[SourceTitle "EXT 2013"]
[Source "ChessBase"]
[SourceDate "2012.11.22"]
[SourceVersion "1"]
[SourceVersionDate "2012.11.22"]
[SourceQuality "1"]

1. d4 d5 2. Nf3 Nf6 3. c4 e6 4. Nc3 Be7 5. e3 0-0 6. Bd3 dxc4 7. Bxc4 c5 8. 0-0 a6 9. Qe2 b5 10. Bb3 Bb7 11. Rd1 Nbd7 12. a3 Qc7 13. h3 Rfd8 14. Bd2 Rac8 15. Rac1 Qb8 16. Na2 Qa8 17. Ne1 cxd4 18. exd4 Bd5 19. Bxd5 Nxd5 20. Nd3 Rxc1 21. Naxc1 Rc8 22. Be3 Qc6 23. Nb3 Qc2 24. Nd2 Qa4 25. Ra1 b4 26. b3 Qb5 27. a4 Qb8 28. Nc4 N7b6 29. Nde5 Nxc4 30. bxc4 Nxe3 31. fxe3 Qc7 32. c5 Bf6 33. Ng4 Qc6 34. Qf3 Qxf3 35. gxf3 h5 36. Nxf6+ gxf6 37. Kf2 f5 38. Ke2 a5 39. Kd3 Kf8 40. Kc4 Rb8 41. e4 fxe4 42. fxe4 Ke7 43. d5 f5 44. exf5 exd5+ 45. Kxd5 Kd7 46. Rg1 b3 47. Rg7+ 1-0

[Event "Kolomna-ch 62nd"]
[Site "Kolomna"]
[Date "2012.02.11"]
[Round "8"]
[White "Velikanov, Igor"]
[Black "Kovpak, Igor"]
[Result "1-0"]
[WhiteElo "2315"]
[BlackElo "2015"]
[PlyCount "95"]
[EventDate "2012.01.14"]
[EventType "tourn"]
[EventRounds "11"]
[EventCountry "RUS"]
[SourceTitle "EXT 2013"]
[Source "ChessBase"]
[SourceDate "2012.11.22"]
[SourceVersion "1"]
[SourceVersionDate "2012.11.22"]
[SourceQuality "1"]

1. d4 d5 2. Nf3 Nf6 3. c4 c6 4. Nc3 Nbd7 5. cxd5 cxd5 6. Bf4 a6 7. e3 e6 8. Bd3 b5 9. 0-0 Nb6 10. Rc1 Bd6 11. Bg5 h6 12. Bh4 Be7 13. Bb1 Nh5 14. Bxe7 Qxe7 15. Ne5 Nf6 16. f4 Bb7 17. Qe2 Nc4 18. f5 exf5 19. Rxf5 Bc8 20. Rxf6 gxf6 21. Nxd5 Qd6 22. Nxc4 bxc4 23. Qf3 Rb8 24. Nxf6+ Kf8 25. Rf1 Rxb2 26. Nh7+ Rxh7 27. Bxh7 Qe6 28. e4 Rb7 29. Qc3 Qb6 30. Qxc4 Be6 31. Qd3 Rd7 32. Rd1 Kg7 33. Bf5 Bxf5 34. exf5 Rd5 35. Qe4 Rd6 36. h3 Rf6 37. Rd3 Qb1+ 38. Kh2 Qb8+ 39. Rg3+ Kh7 40. Qg4 Qh8 41. Qf4 Qf8 42. Qe5 Qd8 43. d5 h5 44. Kh1 Qh8 45. d6 Qd8 46. d7 Qh8 47. Qe8 Rxf5 48. Qxh8+ 1-0

[Event "Kolomna-ch 62nd"]
[Site "Kolomna"]
[Date "2012.01.15"]
[Round "2"]
[White "Velikanov, Igor"]
[Black "Borgovich, Anton"]
[Result "1-0"]
[WhiteElo "2315"]
[BlackElo "2063"]
[PlyCount "85"]
[EventDate "2012.01.14"]
[EventType "tourn"]
[EventRounds "11"]
[EventCountry "RUS"]
[SourceTitle "EXT 2013"]
[Source "ChessBase"]
[SourceDate "2012.11.22"]
[SourceVersion "1"]
[SourceVersionDate "2012.11.22"]
[SourceQuality "1"]

1. d4 d5 2. Nf3 Nf6 3. c4 c6 4. Nc3 e6 5. e3 Nbd7 6. Bd3 Bd6 7. e4 dxe4 8. Nxe4 Nxe4 9. Bxe4 Nf6 10. Bc2 Bb4+ 11. Bd2 Bxd2+ 12. Qxd2 b6 13. 0-0 0-0 14. b4 Qc7 15. c5 Rd8 16. Rfd1 Nd5 17. Ne5 f6 18. Nc4 Ba6 19. Nd6 Rxd6 20. cxd6 Qxd6 21. a3 Nf4 22. Qe3 Ne2+ 23. Kh1 Rd8 24. Bb3 Kf7 25. b5 Bxb5 26. a4 Ba6 27. a5 Bb5 28. axb6 a6 29. b7 Nf4 30. Qg3 Qb8 31. Re1 Nd5 32. Qh3 Re8 33. Bxd5 cxd5 34. Rac1 Bc4 35. Rb1 Bb5 36. Rb3 Qxb7 37. Qxh7 Qc6 38. Rg3 Rg8 39. h4 Qc8 40. h5 Qf8 41. h6 Ke7 42. Rxg7+ Rxg7 43. hxg7 1-0

[Event "Kolomna-ch"]
[Site "Kolomna"]
[Date "2010.02.07"]
[Round "9"]
[White "Chernyshov, Aleksandr"]
[Black "Velikanov, Igor"]
[Result "0-1"]
[WhiteElo "2147"]
[BlackElo "2290"]
[PlyCount "114"]
[EventDate "2010.01.10"]
[EventType "tourn"]
[EventRounds "13"]
[EventCountry "RUS"]
[SourceTitle "EXT 2011"]
[Source "ChessBase"]
[SourceDate "2010.11.26"]
[SourceVersion "1"]
[SourceVersionDate "2010.11.26"]
[SourceQuality "1"]

1. d4 d5 2. c4 e6 3. cxd5 exd5 4. Nc3 Nf6 5. Nf3 Be7 6. Bg5 c6 7. e3 Bf5 8. Bd3 Bxd3 9. Qxd3 Nbd7 10. 0-0 0-0 11. Rfe1 Ne4 12. Bxe7 Qxe7 13. Nd2 f5 14. f3 Nxd2 15. Qxd2 Nf6 16. Qd3 Qd7 17. b4 Rac8 18. a4 Rfd8 19. a5 Qd6 20. Rab1 g6 21. Na4 a6 22. Nc5 Rc7 23. Rbd1 Re7 24. g3 Rde8 25. Kf2 Kg7 26. Re2 h5 27. h4 Qc7 28. Rc1 Nd7 29. Nb3 Qd8 30. Rce1 Re6 31. Nd2 Qe7 32. Qc3 Kh7 33. Rh1 Kh6 34. Nb3 Rg8 35. Nc5 Nxc5 36. bxc5 g5 37. Ke1 gxh4 38. gxh4 f4 39. Kd2 fxe3+ 40. Kc2 Rg3 41. Rf1 Rg8 42. Rfe1 Re8 43. Qd3 Qxh4 44. Rg1 Qf6 45. Rf1 Qg6 46. f4 Qxd3+ 47. Kxd3 Re4 48. f5 Kg7 49. f6+ Kf7 50. Rb2 Rb8 51. Rf5 h4 52. Re5 Kxf6 53. Rxe4 dxe4+ 54. Kxe4 Re8+ 55. Kf3 e2 56. Rxe2 Rxe2 57. Kxe2 Ke6 0-1

[Event "Moscow op-B"]
[Site "Moscow"]
[Date "2009.11.20"]
[Round "1"]
[White "Zhdanov, Vladimir"]
[Black "Velikanov, Igor"]
[Result "1-0"]
[WhiteElo "2025"]
[BlackElo "2292"]
[PlyCount "95"]
[EventDate "2009.01.31"]
[EventType "swiss"]
[EventRounds "9"]
[EventCountry "RUS"]
[SourceTitle "EXT 2012"]
[Source "ChessBase"]
[SourceDate "2011.11.24"]
[SourceVersion "1"]
[SourceVersionDate "2011.11.24"]
[SourceQuality "1"]

1. e4 c5 2. Nf3 Nc6 3. c3 e6 4. d4 d5 5. e5 Qb6 6. a3 Nh6 7. Bd3 cxd4 8. cxd4 Bd7 9. Bc2 Rc8 10. Nc3 Na5 11. 0-0 Nc4 12. Na4 Qc6 13. Ne1 b5 14. Nc3 Nxa3 15. Bd3 a6 16. Ne2 Nc4 17. b3 Nb6 18. Rxa6 Ra8 19. Rxa8+ Qxa8 20. Bg5 Nf5 21. g4 Be7 22. gxf5 Bxg5 23. f4 Bh6 24. Ng3 exf5 25. Nxf5 Bxf5 26. Bxf5 0-0 27. Qd3 g6 28. Bh3 Qc6 29. f5 Nc8 30. e6 Qc1 31. Ng2 Qg5 32. fxg6 Qxg6 33. Bf5 Qg5 34. Bxh7+ Kg7 35. exf7 Rxf7 36. Rxf7+ Kxf7 37. Qxb5 Kg7 38. Bd3 Ne7 39. h4 Qc1+ 40. Bf1 Be3+ 41. Kh1 Bxd4 42. Qd3 Bf6 43. b4 Ng6 44. h5 Ne5 45. Qf5 d4 46. Kh2 d3 47. Bxd3 Nxd3 48. Qg6+ 1-0

[Event "Kolomna"]
[Site "Kolomna"]
[Date "2009.10.10"]
[Round "9"]
[White "Velikanov, Igor"]
[Black "Zasukhin, Valentin"]
[Result "1-0"]
[WhiteElo "2275"]
[BlackElo "2016"]
[PlyCount "172"]
[EventDate "2009.09.27"]
[EventType "tourn"]
[EventRounds "11"]
[EventCountry "RUS"]
[SourceTitle "EXT 2010"]
[Source "ChessBase"]
[SourceDate "2010.11.25"]
[SourceVersion "1"]
[SourceVersionDate "2010.11.25"]
[SourceQuality "1"]

1. d4 d6 2. Nf3 g6 3. c4 Nf6 4. Nc3 Bg7 5. e4 0-0 6. Be2 b6 7. 0-0 c5 8. d5 e5 9. dxe6 fxe6 10. e5 dxe5 11. Nxe5 Bb7 12. Bf3 Qxd1 13. Rxd1 Bxf3 14. Nxf3 Na6 15. a3 Rae8 16. Bg5 e5 17. Bxf6 Bxf6 18. Ne4 Bg7 19. Rd7 Rf4 20. Nd6 Ref8 21. Ng5 e4 22. Rxg7+ Kxg7 23. Ne6+ Kg8 24. Nxf8 Kxf8 25. g3 Rf6 26. Nxe4 Re6 27. f3 h6 28. Rd1 Ke7 29. Kf2 Nb8 30. Nc3 Nc6 31. Nd5+ Kf7 32. Nf4 Rf6 33. Rd7+ Ke8 34. Rh7 Ne5 35. Rxh6 Nxc4 36. Rxg6 Rxg6 37. Nxg6 Nxb2 38. Ne5 b5 39. Ke2 a5 40. Kd2 b4 41. Kc2 bxa3 42. Kb3 Nd1 43. Nc4 a2 44. Kxa2 a4 45. Ka3 Nc3 46. Nd6+ Ke7 47. Ne4 Nb5+ 48. Kxa4 Nd4 49. f4 Nf3 50. h4 Nd4 51. g4 c4 52. Kb4 Nc2+ 53. Kxc4 Ne3+ 54. Kd4 Nxg4 55. Ng3 Kf6 56. Ke4 Nh6 57. f5 Ng8 58. Kf4 Nh6 59. Ne4+ Kg7 60. Nf2 Nf7 61. Ng4 Nd8 62. Ne5 Kh6 63. f6 Kh5 64. Kf5 Kxh4 65. Nc6 Nf7 66. Kg6 Nd6 67. Ne7 Kg4 68. Nf5 Nc4 69. Ne3+ Nxe3 70. f7 Kf4 71. f8Q+ Ke4 72. Qb4+ Kd3 73. Qb3+ Kd4 74. Kg5 Nd5 75. Kf5 Ne3+ 76. Kf6 Nc4 77. Kf5 Ne3+ 78. Ke6 Nc4 79. Qd1+ Kc3 80. Qc1+ Kd4 81. Qf4+ Kc5 82. Qh4 Nb6 83. Qf2+ Kb5 84. Qb2+ Kc5 85. Qf2+ Kb5 86. Qc2 Nc4 1-0